| 000 | 00482nam a2200157Ia 4500 | ||
|---|---|---|---|
| 005 | 20250704022528.0 | ||
| 008 | 240331s9999 xx 000 0 und d | ||
| 020 | _a955210223 | ||
| 082 |
_bKNO _a954 |
||
| 100 | _aKnox, R | ||
| 245 | 3 |
_aAn historical relation of the island Ceylon : _bsecond edition-Volume II |
|
| 260 |
_aNugegoda _bM.D.Gunasena Boo k& Co _c1992 |
||
| 300 | _a385 p ., | ||
| 500 | _aSinhala Translation of An Historical Relation of the island of Ceylon | ||
| 942 | _cL | ||
| 999 |
_c3482 _d3482 |
||